| 000 | 00937nam a2200265 a 4500 | ||
|---|---|---|---|
| 999 |
_c4443 _d4443 |
||
| 003 | BD-JhCC | ||
| 005 | 20171127172033.0 | ||
| 008 | 500101s1966 paub b 001 0 eng d | ||
| 035 | _aOCLC ocm03208300 from D960125M | ||
| 040 |
_aDLC _cTUC _dOCL _dUKM _dEQO _dBD-JhCC |
||
| 041 | _aeng | ||
| 050 | 0 |
_aHD9019.I3 _bK5 1966 |
|
| 082 | 0 |
_a954.14035 _a332.63270973 _bKLI 1966 |
|
| 100 | 1 | 0 | _aKling, Blair B. |
| 245 | 1 | 4 |
_aThe blue mutiny : _bthe indigo disturbances in Bengal, 1859-1862 / _cby Blair B. Kling. |
| 260 |
_aPhiladelphia : _bUniversity of Pennsylvania Press, _cc1966. |
||
| 300 |
_a243 p. : _bmap ; _c22 cm. |
||
| 500 | _aIncludes index | ||
| 504 | _aIncludes bibliography (p. [225]-233) and index. | ||
| 650 | 0 | _aIndigo. | |
| 650 | 0 |
_aPeasant uprisings _zIndia _zBengal _xHistory _y19th century. |
|
| 650 | 0 |
_aIndigo industry _zIndia _zBengal _xHistory _y19th century. |
|
| 651 | 0 |
_aIndia _xHistory _y19th century. |
|
| 942 |
_2ddc _cBK |
||